Statistics for Top Footballers By Pictures

Click here to take the quiz!

General Stats

  • This quiz has been taken 1,589 times
  • The average score is 8 of 9

Answer Stats

Answer% Correct
Cristiano Ronaldo
100%
Lionel Messi
99%
Neymar
96%
Harry Kane
94%
Kevin De Bruyne
91%
Luka Modric
90%
Sergio Ramos
88%
Eden Hazard
86%
Toni Kroos
80%

Score Distribution

Percentile by Number Answered

Percent of People with Each Score

Your Score History

You have not taken this quiz